00869 a2200169 45000010006000000050017000060080041000230030015000640400040000790800033001192450032001522640052001843000019002365050378002551000031006337000035006645448020260407155817.0260407a1978 arg spa dAR-UNSa-BCEJYS aAR-UNSa-BCEJYSbspacAR-UNSa-BCEJYS a330.101.542xMicroeconomía10aQuestões de microeconomia 1aRio de Janeiro :bForense-Universitáriac1978 a189 p.c21 cm. a1. Tópicos introdutorios á teoría de consumidor – 2. Equilibrio do consumidor – 3. Demanda e elasticidade – 4. Topicos adicionais á teoría do consumidor – 5. Funcao de producao e equilibrio da firma – 6. Produtividade, elasticidade e caminho de expansao – 7. Custos e externalidades – 8. Oferta – 9. Curva de transformacao e teoría do bem-estar.1 aLopes de Almeida, Fernando1 aRodrigues Pereira, Gastao Reis